[Event "HUN-chT 9596"]
[Site "Hungary"]
[Date "1995.??.??"]
[Round "1"]
[White "Szell, Lajos"]
[Black "Tenyi, Jozsef"]
[Result "1/2-1/2"]
[WhiteElo "2255"]
[BlackElo "2190"]
[PlyCount "68"]
[EventDate "1995.??.??"]
[EventType "team"]
[EventRounds "13"]
[EventCountry "HUN"]
[SourceTitle "EXT 2000"]
[Source "ChessBase"]
[SourceDate "1999.11.16"]
[SourceVersion "1"]
[SourceVersionDate "1999.11.16"]
[SourceQuality "1"]

1. e4 c5 2. Nf3 e6 3. d4 cxd4 4. Nxd4 Nc6 5. c4 Nf6 6. Nxc6 bxc6 7. Bd3 Qc7 8. 0-0 Be7 9. f4 d6 10. Kh1 0-0 11. Nd2 Ba6 12. Nf3 Rad8 13. Qc2 e5 14. b3 Rfe8 15. Bb2 Nd7 16. f5 Nc5 17. Be2 f6 18. Rad1 Qb6 19. Rd2 Bb7 20. Rfd1 Bf8 21. Bc3 a5 22. h3 g6 23. fxg6 hxg6 24. Nh4 Kg7 25. Bg4 Be7 26. Kh2 Rh8 27. g3 Bc8 28. Bxc8 Rxc8 29. Re2 Ne6 30. Nf3 Qc7 31. Qd2 Ra8 32. Kg2 Qd7 33. Rh1 Qc7 34. Qe1 Ra6 1/2-1/2

[Event "HUN-chT 9394"]
[Site "Hungary"]
[Date "1994.??.??"]
[Round "?"]
[White "Csiszar, Csaba"]
[Black "Tenyi, Jozsef"]
[Result "1-0"]
[WhiteElo "2340"]
[BlackElo "2200"]
[PlyCount "35"]
[EventDate "1993.??.??"]
[EventType "team"]
[EventRounds "13"]
[EventCountry "HUN"]
[SourceTitle "TD"]
[Source "ChessBase"]
[SourceDate "1994.03.01"]
[SourceVersion "1"]
[SourceVersionDate "1994.03.01"]
[SourceQuality "1"]

1. d4 Nf6 2. c4 d6 3. Nc3 e5 4. Nf3 Nbd7 5. e4 g6 6. Be2 Bg7 7. Be3 0-0 8. 0-0 exd4 9. Nxd4 Nc5 10. f3 a5 11. Qd2 Ne6 12. Ndb5 Ne8 13. Rad1 b6 14. f4 Bb7 15. Bf3 f5 16. Qc2 Qe7 17. Rde1 Qf6 18. e5 1-0

[Event "HUN-chT 9394"]
[Site "Hungary"]
[Date "1994.??.??"]
[Round "?"]
[White "Szabo, Zsolt"]
[Black "Tenyi, Jozsef"]
[Result "1-0"]
[WhiteElo "2280"]
[BlackElo "2350"]
[PlyCount "37"]
[EventDate "1993.??.??"]
[EventType "team"]
[EventRounds "13"]
[EventCountry "HUN"]
[SourceTitle "TD"]
[Source "ChessBase"]
[SourceDate "1994.03.01"]
[SourceVersion "1"]
[SourceVersionDate "1994.03.01"]
[SourceQuality "1"]

1. d4 Nf6 2. Bg5 Ne4 3. Bf4 d5 4. Nd2 f5 5. g4 e6 6. gxf5 exf5 7. Ngf3 Be7 8. e3 0-0 9. Bd3 Be6 10. Qe2 c6 11. Rg1 Nd7 12. Rg2 Kh8 13. Ne5 Bf6 14. Ndf3 c5 15. Nxd7 Bxd7 16. Ne5 g5 17. Bxe4 gxf4 18. Bxd5 Bc6 19. Ng6+ 1-0

[Event "HUN-chT 9394"]
[Site "Hungary"]
[Date "1994.??.??"]
[Round "?"]
[White "Tenyi, Jozsef"]
[Black "Rezsek, Gyozo"]
[Result "0-1"]
[WhiteElo "2350"]
[BlackElo "2085"]
[PlyCount "100"]
[EventDate "1993.??.??"]
[EventType "team"]
[EventRounds "13"]
[EventCountry "HUN"]
[SourceTitle "TD"]
[Source "ChessBase"]
[SourceDate "1994.03.01"]
[SourceVersion "1"]
[SourceVersionDate "1994.03.01"]
[SourceQuality "1"]

1. e4 c5 2. Nf3 d6 3. d4 cxd4 4. Nxd4 Nf6 5. Nc3 Nbd7 6. Bc4 Nb6 7. Bb3 e5 8. Nde2 Be6 9. Bg5 Be7 10. Qd2 Rc8 11. 0-0 a6 12. Rfd1 Rc6 13. Ng3 0-0 14. Rac1 Re8 15. f3 g6 16. Be3 Nc4 17. Bxc4 Rxc4 18. b3 Rc8 19. a4 Qc7 20. Nd5 Nxd5 21. exd5 Bd7 22. c4 f5 23. a5 Qb8 24. Bb6 Rf8 25. b4 Kg7 26. Re1 h6 27. Qd3 Bg5 28. Rc3 Rce8 29. c5 Bb5 30. Qc2 Be7 31. Nf1 Kh7 32. Ne3 Rc8 33. c6 Bg5 34. Nd1 bxc6 35. dxc6 Qa8 36. c7 Bf6 37. Qd2 d5 38. Rc5 d4 39. Nf2 Rfe8 40. Nd3 e4 41. fxe4 fxe4 42. Nf4 e3 43. Qa2 Qe4 44. Qf7+ Bg7 45. Nd5 Qf5 46. Qxf5 gxf5 47. Rcc1 Re5 48. Nf4 Re4 49. g3 Be5 50. Rcd1 Rxf4 0-1

[Event "HUN-chT"]
[Site "Hungary"]
[Date "1993.??.??"]
[Round "?"]
[White "Tenyi, Jozsef"]
[Black "Balazs, Tibor Jr"]
[Result "1/2-1/2"]
[WhiteElo "2275"]
[BlackElo "2240"]
[PlyCount "53"]
[EventDate "1993.??.??"]
[EventType "team"]
[EventRounds "13"]
[EventCountry "HUN"]
[SourceTitle "TD"]
[Source "ChessBase"]
[SourceDate "1994.03.01"]
[SourceVersion "1"]
[SourceVersionDate "1994.03.01"]
[SourceQuality "1"]

1. e4 e6 2. d4 d5 3. Nc3 Nf6 4. Bg5 Bb4 5. e5 h6 6. Bd2 Bxc3 7. bxc3 Ne4 8. Qg4 Kf8 9. Bd3 Nxd2 10. Kxd2 c5 11. h4 c4 12. Bf1 f5 13. exf6 gxf6 14. Qf4 Nc6 15. Nf3 Ke7 16. h5 Qd6 17. g3 Qxf4+ 18. gxf4 Rg8 19. Bh3 Kd6 20. Rhg1 Bd7 21. Nh4 f5 22. Ke3 Ne7 23. Bg2 Rg4 24. Rh1 Rag8 25. Bf3 R4g7 26. Be2 Ba4 27. Kd2 1/2-1/2